| 000 -LEADER |
| fixed length control field |
00885nam a2200265Ia 4500 |
| 001 - CONTROL NUMBER |
| control field |
16499 |
| 003 - CONTROL NUMBER IDENTIFIER |
| control field |
GE_BSU |
| 008 - FIXED-LENGTH DATA ELEMENTS--GENERAL INFORMATION |
| fixed length control field |
181216s||||||||xx |||||||||||||| ||und|| |
| 020 ## - INTERNATIONAL STANDARD BOOK NUMBER |
| International Standard Book Number |
9785970405406 |
| 040 ## - CATALOGING SOURCE |
| Transcribing agency |
GE_BSU |
| 080 ## - UNIVERSAL DECIMAL CLASSIFICATION NUMBER |
| Universal Decimal Classification number |
615.9(075.8) |
| 100 ## - MAIN ENTRY--PERSONAL NAME |
| Personal name |
Авт.колл.Борисова,Е.Я..ВолковА.А. Еремин,С,А, и др |
| 245 ## - TITLE STATEMENT |
| Title |
Токсикологическая химия:ситуационные задачи и упражнения |
| 245 ## - TITLE STATEMENT |
| Remainder of title |
Учеб.пособ. |
| 245 ## - TITLE STATEMENT |
| Statement of responsibility, etc. |
Под ред:Н,И,Калетиной |
| 260 ## - PUBLICATION, DISTRIBUTION, ETC. |
| Place of publication, distribution, etc. |
Москва |
| 260 ## - PUBLICATION, DISTRIBUTION, ETC. |
| Name of publisher, distributor, etc. |
Эотар-Медиа |
| 260 ## - PUBLICATION, DISTRIBUTION, ETC. |
| Date of publication, distribution, etc. |
2007 |
| 300 ## - PHYSICAL DESCRIPTION |
| Extent |
352стр,илл,21см. |
| 653 ## - INDEX TERM--UNCONTROLLED |
| Uncontrolled term |
Токсикологическая химия |
| 653 ## - INDEX TERM--UNCONTROLLED |
| Uncontrolled term |
ტოქსიკოლოგიური ქიმია |
| 653 ## - INDEX TERM--UNCONTROLLED |
| Uncontrolled term |
ქიმია |
| 942 ## - ADDED ENTRY ELEMENTS (KOHA) |
| Koha item type |
წიგნი |